Statystyki dla Wszyscy gospoadarze Pucharu Narodów Afryki w piłce nożnej

Kliknij tutaj aby rozwiązać quiz!

Ogólne statystyki

  • Ten quiz został rozwiązany 44 razy
  • Średni wynik to 32 z 37

Statystyki odpowiedzi

RokGospodarz% Poprawnych
2006Egipt
98%
1974Egipt
98%
1959Egipt
98%
1986Egipt
98%
2019Egipt
98%
1972Kamerun
98%
2021Kamerun
98%
1996Republika Południowej Afryki
98%
2013Republika Południowej Afryki
98%
1992Senegal
95%
1990Algieria
93%
1963Ghana
93%
2000Ghana
93%
1978Ghana
93%
2008Ghana
93%
2000Nigeria
93%
1980Nigeria
93%
1988Maroko
90%
1994Tunezja
90%
2004Tunezja
90%
1965Tunezja
90%
1962Etiopia
88%
1986Etiopia
88%
1968Etiopia
88%
1957Sudan
88%
1970Sudan
88%
1984Wybrzeże Kości Słoniowej
85%
2023Wybrzeże Kości Słoniowej
85%
1982Libia
83%
2025Gwinea
76%
2010Angola
73%
1998Burkina Faso
73%
2002Mali
73%
2012Gabon
71%
2017Gabon
71%
2012Gwinea Równikowa
56%
2015Gwinea Równikowa
56%

Rozkład punktacji

Percentyl według liczby udzielonych odpowiedzi

Procent ludzi z każdym wynikiem

Twoja historia wyników

Nie rozwiązałeś tego quizu